Abacus 2000 - podpora marketingu a kapitálového trhu

Textové bázy dát spravodajského typu a.s. Abacus 2000, ktorá sa zaoberá permanentným monitorovaním verejne prístupných informačných zdrojov a tvorbou ekonomických informačných systémov určených pre podnikateľskú sféru a kapitálový trh. Produkty a.s. Abacus: Báza dát hospodárskych informácií, Ekonomi...

Descripción completa

Guardado en:
Detalles Bibliográficos
Autor principal: Šafarčík, P.
Formato: Capítulo de libro
Lenguaje:checo
Materias:
Etiquetas: Agregar Etiqueta
Sin Etiquetas, Sea el primero en etiquetar este registro!

MARC

LEADER 00000naa a2200000 4500
001 r019839
005 20221208130847.5
041 0 |a cze 
044 |a CZ 
245 1 0 |a Abacus 2000 - podpora marketingu a kapitálového trhu  |c P. Šafarčík 
520 |a Textové bázy dát spravodajského typu a.s. Abacus 2000, ktorá sa zaoberá permanentným monitorovaním verejne prístupných informačných zdrojov a tvorbou ekonomických informačných systémov určených pre podnikateľskú sféru a kapitálový trh. Produkty a.s. Abacus: Báza dát hospodárskych informácií, Ekonomické spravodajstvo ČTK, Business News ČTK, Abacus Profiles, Abacus Securities. 
610 2 0 |a Česko 
610 2 0 |a Abacus 2000, a.s. 
610 2 0 |a báza dát 
610 2 0 |a informácie hospodárske 
610 2 0 |a marketing 
610 2 0 |a trh kapitálový 
610 2 0 |a systémy informačné 
610 2 0 |a systémy databázové distribuované 
610 2 0 |a zber dát 
100 1 |a Šafarčík, P.